000 00315 a2200133 4500
000 nam a22 7a 4500
100 _aJoyce
110 _aJoyce
245 _aInformed publics media and international law
250 _aLatest edition
260 _bBloomsbury
_c2023
264 _bBloomsbury
_c2023
942 _cBK
999 _c312119
_d312119